00886nam a22002777a 4500999001500000001000500015003000900020005001700029008004100046020001500087040003800102082002100140100002000161245007200181250001200253260007200265300002400337500002000361505001100381650002200392650002800414700001700442700001500459942001200474952012200486 c5205d52056036BD-DhUAP20201203122539.0201203r19331999ii |||| |||| 001 0 eng d a8170890561 aBD-DhUAPbEngcBD-DhUAPdBD-DhUAP 223a581.634 KIR  aKirtikar, K. R. aIndian medicinal plants / cK. R. Kirtikar, B. D. Basu and I. C. S. a2nd ed. aIndia :bInternational book distributors, c1933 [Reprinted 1999].  avolumes ; c22 cm.  aIncludes index. aV. 1-- aMedicinal plants. aBotany, MedicalzIndia. aBasu, B. D.  aS., I. C.  2ddccBK 00102ddc4070aUAPCLbUAPCLcGeneral Stacksd2020-12-03o581.634 KIR V-1p3010006036r2020-12-03t1w2020-12-03yBK